000 01008nam a2200301Ia 4500
001 Para_8751
003 CHAP
008 220125s2003 xx 000 0 und d
010 _a207551
040 _cCHAP
090 _aPA TESIS 1739
100 _aSantoyo Cuevas, Héctor Miguel
_9102562
245 _aControl químico del chayotillo y otras malezas en dos sitemas (sic.) de labranza en el cultivo del maíz /
_c por Héctor Miguel Santoyo Cuevas
260 _aChapingo, Méx. :
_b el autor
300 _a60 h.
502 _aTesis (Ing. Agr. Esp. en Parasitología Agrícola) -- UACh. Departamento Parasitología Agrícola
650 _aHerbicidas
_953691
650 _aLabranza
_964303
650 0 _aMalas hierbas
_xControl
_9174124
710 _aUACh. Departamento Parasitología Agrícola
_9164025
901 _aPA TESIS 1739
902 _aA
905 _a0000002003 n 0000000000 00
910 _a2003
942 _cPARA
942 _cPARA
_d1
999 _c207551
_d207551